Noddy e os patins (Registo nº 2074)

Detalhes MARC
000 -Etiqueta do registo
Cabeçalho 00876nam a22003011 4500
005 - Identificador da versão
Campo de controlo 20240813121924.0
010 ## - Número internacional normalizado dos livros (ISBN)
Número (ISBN) 9722223763
021 ## - Número do Depósito Legal
Código do país PT
Número 220326/04
100 ## - Dados gerais de processamento
Dados gerais de processamento 20050920d2005 bc y0pory5003 ba
102 ## - Pais de publicação ou produção
País de publicação Portugal
101 1# - Língua de publicação
Língua do texto, banda sonora, etc. Português
Língua do documento no original Inglês
106 ## - Campo de dados codificados: material textual
Dados codificados do material textual r
105 ## - Campo de dados codificados: livros
Dados codificados dos livros a z 000fy
215 ## - Descrição física 
Indicação específica da natureza do documento e extensão da espécie [10] p. cartonadas
Outras indicações físicas todo il.
Dimensões 26 cm
200 1# - Titulo e menção de responsabilidade
Título próprio Noddy e os patins
Primeira menção de responsabilidade Enid Blyton
Outras menções de responsabilidade [ed. lit.] Editorial Verbo
-- il. Ulkutay & Ulkutay
225 2# - Colecção 
Título próprio da colecção Noddy
Indicação de volume 4
210 ## - Publicação, Distribuição, etc. 
Lugar da edição, distribuição, etc. Lisboa
Nome do editor, distribuidor, etc. Verbo
Data da publicação, distribuição, etc. imp. 2005
300 ## - Notas gerais 
Texto da nota Livro de armar
606 ## - Nome comum usado como assunto
Número de registo de entrada de autoridade 0000001
Palavra de ordem Literatura estrangeira infantil
Subdivisão de assunto Conto
675 ## - Classificação Decimal Universal (CDU)
Notação 82-34
Edição
Língua da edição por
702 #1 - Nome de autor-pessoa física (responsabilidade secundária)
Número de registo de entrada de autoridade 0000807
Palavra de ordem Ulkutay & Ulkutay
Código de função Ilustrador / Técnico de desenho computorizado
712 02 - Nome de colectividade-autor (responsabilidade secundária)
Número de registo de entrada de autoridade 0000808
Palavra de ordem Editorial Verbo
Código de função Editor literário / Coordenador
700 #1 - Nome de autor-pessoa física (responsabilidade principal)
Número de registo de entrada de autoridade 0000183
Palavra de ordem Blyton
Outra parte do nome não tomada para palavra de ordem Enid
Datas 1897-1968
942 ## - Elementos de entrada adicionados (Koha)
Tipo de item no Koha Livro
Exemplares
Situação do levantamento Origin of item (home branch) (coded) Biblioteca de empréstimo Código de barras Cota Circulation type (not for loan) Tipo de documento Nota do exemplar Damaged status
  Biblioteca Escolar da Coca Maravilhas Biblioteca Escolar da Coca Maravilhas BECM7108/05 8EST NOD   Livro Sem mensagem